Top 10 państw europejskich pod względem znajomości angielskiego - Statystyki

Ogólne statystyki
  • Ten quiz został rozwiązany 5 641 razy
  • Średni wynik to 8 z 10
Statystyki odpowiedzi
% Państwo % Poprawnych
98 Irlandia
95%
98 Wielka Brytania
95%
70 Niemcy
91%
90 Norwegia
88%
86 Szwecja
88%
90 Holandia
82%
86 Dania
81%
70 Finlandia
80%
73 Austria
57%
89 Malta
37%
Nie znaleziono quizów pasujących do podanych kryteriów
Rozkład punktacji
Procent ludzi z każdym wynikiem
Percentyl według liczby udzielonych odpowiedzi
Twoja historia wyników
Nie rozwiązałeś tego quizu